000 00689nam a2200289Ia 4500
005 20260324145428.0
008 008 260324s9999 xx 000 0 eng d
020 _a9781003116400
037 _aEBOOK
040 _aCRL
040 _beng
040 _cCRL
041 _2eng
041 _aeng
084 _qCRL
100 _aRW Connell; Dean Ashenden
_91222934
245 0 _aMaking the Difference
245 0 _bSchools, families and social division
260 _bTaylor and Francis
260 _c1982
365 _a
365 _b230
856 _uhttp://www.taylorfrancis.com/books/9781003116400
942 _cEBOOK
999 _c1830825
_d1830825